Visualizzazione normale
Vista MARC
- Iosseliani Otar
di Personal Name
Records bibliografici associati: 1
001 - CONTROL NUMBER
- control field: 39354
003 - CONTROL NUMBER IDENTIFIER
- control field: IT-RoPau
005 - DATE AND TIME OF LATEST TRANSACTION
- control field: 20151126100802.0
008 - FIXED-LENGTH DATA ELEMENTS
- fixed length control field: 151126|| aca||aabn | a|a d
040 ## - CATALOGING SOURCE
- Original cataloging agency: IT-RoPau
- Transcribing agency: IT-RoPau
100 ## - HEADING--PERSONAL NAME
- Personal name: Iosseliani Otar
- Relator term: (regista)
- Miscellaneous information: Codice regista SPICS: 13303
670 ## - SOURCE DATA FOUND
- Source citation: Work cat.: (IT-RoPau)105080: Iosseliani Otar Codice regista SPICS: 13303 39351, PASTORALE PASTORALE (Rif. Codice opera principale : 29077)